Quick Pick: US State Abbreviations Quiz Stats

 Plays Quiz Updated Oct 23, 2018

Score 0/10 Timer 00:45
1 Play Today
% Correct
CA
93.2%
OK
92.4%
AL
89.6%
MA
89.6%
WI
89.2%
KS
87.5%
NV
86.9%
RI
82.9%
NE
80.3%
LA
79.6%

Today's Daily Dose

You're not logged in!

Compare scores with friends on all Sporcle quizzes.
OR
Log In

Sporcle TV

Today on Sporcle TV


Watch our educational content, quiz creation guides, and fun videos on Sporcle TV.

Show Comments

Extras

Top Quizzes Today


Score Distribution

Your Account Isn't Verified!

In order to create a playlist on Sporcle, you need to verify the email address you used during registration. Go to your Sporcle Settings to finish the process.

Report this User

Report this user for behavior that violates our Community Guidelines.

Details: